000 00717cam a22002533a 4500
001 2272
003 PGUSA
005 20140828083012.0
008 060326s2006||||xxu|||||s|||||000 | eng d
040 _aPGUSA
_beng
042 _adc
050 4 _aE011
100 1 _aRaleigh, Walter,
_d-1618
245 1 4 _aThe Discovery of Guiana
_h[electronic resource] /
_cWalter Raleigh
260 _bProject Gutenberg,
_c2006
506 _aPublic domain in the USA.
516 _aElectronic text
653 _aGuiana -- Discovery and exploration
653 _aAmerica -- Early accounts to 1600
653 _aEl Dorado
830 0 _aProject Gutenberg
_v2272
856 4 0 _uhttp://www.gutenberg.org/ebooks/2272
942 _cEB
999 _c231609
_d231609